Statistics for Foods by Picture (the version French quizzers get)

Click here to take the quiz!

General Stats

  • This quiz has been taken 306 times
  • The average score is 13 of 20

Answer Stats

Answer% Correct
kiwi
94%
croissant
92%
baguette
91%
roe
84%
cinnamon
81%
oysters
76%
Brussels sprouts
75%
mozzarella
75%
tiramisu
73%
crêpe
71%
quiche
70%
crème brûlée
63%
döner kebab
56%
samosa
55%
camembert
49%
tarte {Tatin}
38%
crème caramel
31%
roquefort
31%
coq au vin
27%
{pain} aux {raisins}
22%

Score Distribution

Percentile by Number Answered

Percent of People with Each Score

Your Score History

You have not taken this quiz